000 00428pab a2200157 454500
008 180718b2008 xxu||||| |||| 00| 0 eng d
100 _aSmitha, P.R. et al.
245 _aCosts, returns and resource use efficiency in Anthurium cultivation in Coorg district
260 _c2008
300 _ap.593-96.
362 _aDec
650 _aCultivation
773 _aAgricultural Situation in India
908 _aN
909 _a83830
999 _c83830
_d83830